| 000 | 00424nam a2200157 i 4500 | ||
|---|---|---|---|
| 001 | 43442 | ||
| 003 | ES-MaACL | ||
| 005 | 20230906160807.0 | ||
| 007 | t| | ||
| 008 | 030317s1919 fr ||||1| fre d | ||
| 100 | 1 |
_aCathelin, F. _937065 |
|
| 245 | 1 | 0 |
_aChirurgie urinaire de guerre / _cF. Cathelin. |
| 260 |
_aParis : _b[s.n., _c1919] ( _eOrleans : _fH. Tessier) |
||
| 300 |
_a322 p. ; _c24 cm. |
||
| 852 |
_aES-MaACL _jE-1376 |
||
| 999 |
_c43442 _d43442 |
||